00285nam a2200121Ia 4500008004100000041000800041082001200049100001800061245001900079260004100098300001300139365001100152240624s9999 xx 000 0 und d aeng a823 JOS aJOSEPH ANJALI aSARASWATI PARK c2010aNew DelhibHarperCollins India a272 : p. cRSb20